000 00600nam a2200181Ia 4500
008 100921s9999 xx 000 0 und d
082 _b40182
_a891.463 न 05
100 _aअसलेकर प्रशांत.
245 _aव्याध.
260 _bमधुरा प्रकाशन, ठाणे.
_c2005
300 _a272
_bकलाभारती वितरण,पुणे
365 _b225
520 _aललित-कादंबरी.
630 _aव्याध.
650 _aललित-कादंबरी.
730 _aव्याध.
942 _cBOOK
999 _c789295
_d789292